03371nam a2200313 i 4500003000500000005001700005008004100022010001500063020001800078040002500096050002100121082002300142245011400165264004100279300004900320336002100369337002500390338002300415490004300438504005200481505219100533650004202724650004502766700003202811700003102843942004102874952012502915999001703040CSPC20240124134710.0240111s2017 enka b 001 0 eng  a2016029645 a9781138317680 cCSPCaCSPCbengerda00aGV713b.G58 201700a796.069 bG51022300aGlobal sport management :bcontemporary issues and inquiries /cedited by Brenda G. Pitts and James J. Zhang. 1aAbingdon, Oxon :bRoutledge, c2017. axiii, 291 pages : billustrations ; c24 cm. 2rdacontentatext 2rdamediaaunmediated 2rdacarrieravolume0 aWorld Association for sport management aIncludes bibliographical references and index. 0 aIntroduction : the WASM foundation stone / Brenda G. Pitts and James J. Zhang -- Internationalized sport management education : bridging the gaps / Robert Baker, Karen Danylchuk, Andy Gillentine, Paul Jonson, Brenda Pitts, James J. Zhang -- The role of globalization, partnerships and technology in enhancing sports excellence in Africa / Peter Wanderi, Constance Nsibambi, Andanje Mwisukha, Paschal Soita, Kihumbu Thairu -- Public's perceptions on the dark side of elite sports and its influence on the willingness to support elite sports / Kirstin Hallmann, Christoph Breuer, Michael Ilgner, Thomas Giel -- The effective factors in the establishment of small and medium-sized sport enterprises / Seyed Morteza Azimzadeh and Brenda Pitts -- Enhancing corporate business relationship through hosting a running race event / Jinyu Shu and James Zhang -- Residents' perceived impact of China's 12th National Games on sport participation / Tyreal Yizhou Qian, Qingzao Liu, James Zhang -- High performance sport policies and climate in different Brazilian governmental levels / Flavia Bastos, M. Bohme, V. Debosscher -- Why do women choose to work in the management of professional baseball? / Maki Itoh and Mary Hums -- Volunteer identification and perceived fit associated with volunteer experience and behaviors / Jaeyeon Hwang, Yongsang Yoo, James Zhang -- Students' perceptions of forced crowdsourcing as social change / Mark Vermillion and Jordan Bass -- Impact of volunteer motivation on behavioral commitment to media center volunteerism during the London Olympic Games / Minhong Kim, N. David Pifer, May Kim, Steven Kim, Brenda Pitts, James Zhang -- From federal baseball to American needle : an empirical examination of the treatment of professional sport leagues under antitrust law / Cyntrice Thomas, Thomas Baker, Kevin Byon, Tyreal Qian, James Zhang -- Introducing Imre Lakatos' research programs in sport management / Jana Nova -- Knowledge of doping : how athletes learn about doping rules and practices / Stephen Moston, Terry Engelberg, Brendan Hutchinson -- The sports labor market : an empirical comparison between Belgium and Germany / Marijke Taks and Manfred Schubert. 0aSports administrationvCase studies.  0aSports and globalizationvCase studies. 1 aPitts, Brenda G., eeditor.1 aZhang, James J., eeditor. 2ddccBKh796.069iG510kCIRm2017n0 00102ddc4070aCSPCbCSPCcCIRd2024-01-11l0oCIR 796.069 G510 2017p026750r2024-01-11 00:00:00t1-1w2024-01-11yBK c26830d26830